书目信息 |
| 题名: |
拉伯雷研究
|
|
| 作者: | 巴赫金 | |
| 分册: | ||
| 出版信息: | 石家庄 河北教育出版社 1998 |
|
| 页数: | 693页 | |
| 开本: | 20cm | |
| 丛书名: | ||
| 单 册: | ||
| 中图分类: | B506 | |
| 科图分类: | ||
| 主题词: | 哲学--欧洲 | |
| 电子资源: | ||
| ISBN: | 7-5434-3127-0 | |
| 000 | 00487nam0 2200181 450 | |
| 001 | 0728815141 | |
| 005 | 20070819080015.14 | |
| 010 | @a7-5434-3127-0@d¥30.00 | |
| 100 | @a20070819d km y0chiy0120 ea | |
| 101 | 0 | @achi |
| 200 | 1 | @a拉伯雷研究@Ala bo lei yan jiu@f巴赫金@Fba he jin |
| 210 | @a石家庄@c河北教育出版社@d1998 | |
| 215 | @a693页@d20cm | |
| 606 | 0 | @a哲学@x欧洲 |
| 690 | @aB506@v3 | |
| 701 | 0 | @a巴赫金@Aba he jin |
| 801 | 0 | @aCN@bPFT@c20070819 |
| 905 | @a213230@dB506@eZW285@f1 | |
| 拉伯雷研究/巴赫金.-石家庄:河北教育出版社,1998 |
| 693页;20cm |
| ISBN 7-5434-3127-0:¥30.00 |
| ● |
| 相关链接 |
|
|
|
|
正题名:拉伯雷研究
索取号:B506/ZW285
 
预约/预借
| 序号 | 登录号 | 条形码 | 馆藏地/架位号 | 状态 | 备注 |
| 1 | 7600430 | 276004306 | 密集书库-文学院/ [索取号:B506/ZW285] | 在馆 |